000
00277nam a2200121 a 4500
001
4140
005
20140414132030.0
008
090218s19uu xx 00 eng d
050
_a
TR
_b
M86 1999
100
_a
McCully, Emily Arnold
245
_a
Mouse practice.
999
_c
113609
_d
113609